ბათუმის შოთა რუსთაველის სახელმწიფო უნივერსიტეტის ბიბლიოთეკა

Сельско-хозяйственная академия им.К.А.Тимирязева (ბიბ.ჩანაწერი № 46482)

000 -LEADER
fixed length control field 00577nam a2200193Ia 4500
001 - CONTROL NUMBER
control field 13321
003 - CONTROL NUMBER IDENTIFIER
control field GE_BSU
008 - FIXED-LENGTH DATA ELEMENTS--GENERAL INFORMATION
fixed length control field 181216s||||||||xx |||||||||||||| ||und||
040 ## - CATALOGING SOURCE
Transcribing agency GE_BSU
080 ## - UNIVERSAL DECIMAL CLASSIFICATION NUMBER
Universal Decimal Classification number 63(09)
245 ## - TITLE STATEMENT
Title Сельско-хозяйственная академия им.К.А.Тимирязева
245 ## - TITLE STATEMENT
Statement of responsibility, etc. Ред.М.А.Абросимов
260 ## - PUBLICATION, DISTRIBUTION, ETC.
Place of publication, distribution, etc. Москва
260 ## - PUBLICATION, DISTRIBUTION, ETC.
Name of publisher, distributor, etc. Огиз-сельхозгиз
260 ## - PUBLICATION, DISTRIBUTION, ETC.
Date of publication, distribution, etc. 1946
300 ## - PHYSICAL DESCRIPTION
Extent 391стр.илл.27см.
653 ## - INDEX TERM--UNCONTROLLED
Uncontrolled term Сельско-хозяйственная академия
942 ## - ADDED ENTRY ELEMENTS (KOHA)
Koha item type წიგნი
ეგზემპლარები
Withdrawn status Lost status Damaged status Not for loan Date acquired Barcode Date last seen Price effective from Koha item type
        2018-12-17 20850 2018-12-17 2018-12-17 წიგნი